|
|
|
|
| LEADER |
01012cam a2200289 7i4500 |
| 001 |
0000069621 |
| 005 |
20220707090000.0 |
| 020 |
|
|
|a 9781488616570
|
| 020 |
|
|
|a 9781488616594 (electronic book)
|
| 090 |
0 |
0 |
|a HF5636
|b .A87 2018
|
| 100 |
1 |
|
|a Atrill, Peter
|
| 245 |
1 |
0 |
|a Accounting for business students
|c Peter Atrill; Eddie McLaney; David Harvey.
|
| 264 |
|
|
|a Melbourne, Vic:
|b Pearson Australia,
|c 2018.
|
| 300 |
|
|
|a 1 online resource ( xxii, 774 pages):
|b colour illustrations, text file, PDF.
|
| 336 |
|
|
|a text
|2 rdacontent
|
| 337 |
|
|
|a computer
|2 rdamedia
|
| 338 |
|
|
|a online resource
|2 rdacarrier
|
| 650 |
|
0 |
|a Accounting --
|x Textbooks
|
| 650 |
|
0 |
|a Financial statements
|
| 655 |
|
0 |
|a Electronic books
|
| 700 |
1 |
|
|a McLaney, E. J.
|
| 700 |
0 |
|
|a Harvey, David
|
| 856 |
4 |
2 |
|u http://library.unisel.edu.my/web/guest/mylibrary
|
| 997 |
|
|
|a Business & Accountancy, Faculty
|
| 998 |
|
|
|a Accountancy, Diploma
|
| 998 |
|
|
|a Accountancy, Degree
|
| 999 |
|
|
|a EBO0013289
|b EBOOK
|c EBOOK
|e Electronic resources
|